<?xml version="1.0" encoding="UTF-8"?>
<record
    xmlns:xsi="http://www.w3.org/2001/XMLSchema-instance"
    xsi:schemaLocation="http://www.loc.gov/MARC21/slim http://www.loc.gov/standards/marcxml/schema/MARC21slim.xsd"
    xmlns="http://www.loc.gov/MARC21/slim">

  <leader>00896nas a2200241 454500</leader>
  <controlfield tag="001">37496</controlfield>
  <controlfield tag="005">20260407193510.0</controlfield>
  <controlfield tag="008">260407s1940####ag###########|||spa#d</controlfield>
  <controlfield tag="003">AR-UNSa-BCEJYS</controlfield>
  <datafield tag="040" ind1=" " ind2=" ">
    <subfield code="a">AR-UNSa-BCEJYS</subfield>
    <subfield code="b">spa</subfield>
    <subfield code="c">AR-UNSa-BCEJYS</subfield>
  </datafield>
  <datafield tag="080" ind1=" " ind2=" ">
    <subfield code="a">339.9</subfield>
    <subfield code="x">Econom&#xED;a internacional en general. Relaciones econ&#xF3;micas internacionales. Econom&#xED;a mundial </subfield>
  </datafield>
  <datafield tag="245" ind1="1" ind2="0">
    <subfield code="a">Boletin mensual</subfield>
    <subfield code="p">selecci&#xF3;n de temas econ&#xF3;micos</subfield>
  </datafield>
  <datafield tag="264" ind1=" " ind2="1">
    <subfield code="a">Montevideo :</subfield>
    <subfield code="b">[s.n.]</subfield>
    <subfield code="c">1940</subfield>
  </datafield>
  <datafield tag="310" ind1=" " ind2=" ">
    <subfield code="a">Frecuencia: Mensual</subfield>
  </datafield>
  <datafield tag="041" ind1=" " ind2=" ">
    <subfield code="a">spa</subfield>
  </datafield>
  <datafield tag="942" ind1=" " ind2=" ">
    <subfield code="c">SER</subfield>
  </datafield>
  <datafield tag="590" ind1=" " ind2=" ">
    <subfield code="a">niveau_biblio:s niveau_hierar:1</subfield>
  </datafield>
  <datafield tag="100" ind1="1" ind2=" ">
    <subfield code="a">Banco de la Rep&#xFA;blica Oriental del Uruguay. Departamento de Investigaciones Econ&#xF3;micas</subfield>
  </datafield>
  <datafield tag="650" ind1=" " ind2=" ">
    <subfield code="a">Pol&#xED;tica monetaria</subfield>
  </datafield>
  <datafield tag="650" ind1=" " ind2=" ">
    <subfield code="a">Pol&#xED;tica econ&#xF3;mica</subfield>
  </datafield>
  <datafield tag="650" ind1=" " ind2=" ">
    <subfield code="a">ECONOMIA INTERNACIONAL</subfield>
  </datafield>
  <datafield tag="856" ind1="4" ind2="1">
    <subfield code="u">https://170.210.207.44/pmb/images/revistas/R19659.jpg</subfield>
    <subfield code="y">Imagen de portada</subfield>
    <subfield code="q">image/jpeg</subfield>
  </datafield>
  <datafield tag="999" ind1=" " ind2=" ">
    <subfield code="c">8817</subfield>
    <subfield code="d">8817</subfield>
  </datafield>
  <datafield tag="952" ind1=" " ind2=" ">
    <subfield code="0">0</subfield>
    <subfield code="1">0</subfield>
    <subfield code="4">0</subfield>
    <subfield code="7">0</subfield>
    <subfield code="a">BCEJYS</subfield>
    <subfield code="b">BCEJYS</subfield>
    <subfield code="c">17</subfield>
    <subfield code="d">1952-07-01</subfield>
    <subfield code="h">N&#xBA; 115/116 - jul./ago. 1952</subfield>
    <subfield code="l">0</subfield>
    <subfield code="o">H339.9 BOL 115/116</subfield>
    <subfield code="p">R19664</subfield>
    <subfield code="r">2026-04-10 16:09:53</subfield>
    <subfield code="w">2026-04-10</subfield>
    <subfield code="y">RN</subfield>
  </datafield>
  <datafield tag="952" ind1=" " ind2=" ">
    <subfield code="0">0</subfield>
    <subfield code="1">0</subfield>
    <subfield code="4">0</subfield>
    <subfield code="7">0</subfield>
    <subfield code="a">BCEJYS</subfield>
    <subfield code="b">BCEJYS</subfield>
    <subfield code="c">17</subfield>
    <subfield code="d">1952-05-01</subfield>
    <subfield code="h">N&#xBA; 113/114 - mayo/jun. 1952</subfield>
    <subfield code="l">0</subfield>
    <subfield code="o">H339.9 BOL 113/114</subfield>
    <subfield code="p">R19663</subfield>
    <subfield code="r">2026-04-10 16:09:53</subfield>
    <subfield code="w">2026-04-10</subfield>
    <subfield code="y">RN</subfield>
  </datafield>
  <datafield tag="952" ind1=" " ind2=" ">
    <subfield code="0">0</subfield>
    <subfield code="1">0</subfield>
    <subfield code="4">0</subfield>
    <subfield code="7">0</subfield>
    <subfield code="a">BCEJYS</subfield>
    <subfield code="b">BCEJYS</subfield>
    <subfield code="c">17</subfield>
    <subfield code="d">1950-11-01</subfield>
    <subfield code="h">N&#xBA; 95/96 - nov./dic. 1950</subfield>
    <subfield code="l">0</subfield>
    <subfield code="o">H339.9 BOL 95/96</subfield>
    <subfield code="p">R19662</subfield>
    <subfield code="r">2026-04-10 16:09:53</subfield>
    <subfield code="w">2026-04-10</subfield>
    <subfield code="y">RN</subfield>
  </datafield>
  <datafield tag="952" ind1=" " ind2=" ">
    <subfield code="0">0</subfield>
    <subfield code="1">0</subfield>
    <subfield code="4">0</subfield>
    <subfield code="7">0</subfield>
    <subfield code="a">BCEJYS</subfield>
    <subfield code="b">BCEJYS</subfield>
    <subfield code="c">17</subfield>
    <subfield code="d">1950-09-01</subfield>
    <subfield code="h">N&#xBA; 93/94 - sep./oct. 1950</subfield>
    <subfield code="l">0</subfield>
    <subfield code="o">H339.9 BOL 93/94</subfield>
    <subfield code="p">R19661</subfield>
    <subfield code="r">2026-04-10 16:09:53</subfield>
    <subfield code="w">2026-04-10</subfield>
    <subfield code="y">RN</subfield>
  </datafield>
  <datafield tag="952" ind1=" " ind2=" ">
    <subfield code="0">0</subfield>
    <subfield code="1">0</subfield>
    <subfield code="4">0</subfield>
    <subfield code="7">0</subfield>
    <subfield code="a">BCEJYS</subfield>
    <subfield code="b">BCEJYS</subfield>
    <subfield code="c">17</subfield>
    <subfield code="d">1946-07-01</subfield>
    <subfield code="h">N&#xBA; 43/48 - jul./dic. 1946</subfield>
    <subfield code="l">0</subfield>
    <subfield code="o">H339.9 BOL 43/48</subfield>
    <subfield code="p">R19660</subfield>
    <subfield code="r">2026-04-10 16:09:53</subfield>
    <subfield code="w">2026-04-10</subfield>
    <subfield code="y">RN</subfield>
  </datafield>
  <datafield tag="952" ind1=" " ind2=" ">
    <subfield code="0">0</subfield>
    <subfield code="1">0</subfield>
    <subfield code="4">0</subfield>
    <subfield code="7">0</subfield>
    <subfield code="a">BCEJYS</subfield>
    <subfield code="b">BCEJYS</subfield>
    <subfield code="c">17</subfield>
    <subfield code="d">1946-01-01</subfield>
    <subfield code="h">N&#xBA; 37/42 - ene./jun. 1946</subfield>
    <subfield code="l">0</subfield>
    <subfield code="o">H339.9 BOL 37/42</subfield>
    <subfield code="p">R19659</subfield>
    <subfield code="r">2026-04-10 16:09:53</subfield>
    <subfield code="w">2026-04-10</subfield>
    <subfield code="y">RN</subfield>
  </datafield>
  <datafield tag="952" ind1=" " ind2=" ">
    <subfield code="0">0</subfield>
    <subfield code="1">0</subfield>
    <subfield code="4">0</subfield>
    <subfield code="7">0</subfield>
    <subfield code="a">BCEJYS</subfield>
    <subfield code="b">BCEJYS</subfield>
    <subfield code="c">17</subfield>
    <subfield code="d">1945-11-01</subfield>
    <subfield code="h">N&#xBA; 35/36 - nov./dic. 1945</subfield>
    <subfield code="l">0</subfield>
    <subfield code="o">H339.9 BOL 35/36</subfield>
    <subfield code="p">R19658</subfield>
    <subfield code="r">2026-04-10 16:09:53</subfield>
    <subfield code="w">2026-04-10</subfield>
    <subfield code="y">RN</subfield>
  </datafield>
  <datafield tag="952" ind1=" " ind2=" ">
    <subfield code="0">0</subfield>
    <subfield code="1">0</subfield>
    <subfield code="4">0</subfield>
    <subfield code="7">0</subfield>
    <subfield code="a">BCEJYS</subfield>
    <subfield code="b">BCEJYS</subfield>
    <subfield code="c">17</subfield>
    <subfield code="d">1944-11-01</subfield>
    <subfield code="h">N&#xBA; 23 - nov. 1944</subfield>
    <subfield code="l">0</subfield>
    <subfield code="o">H339.9 BOL 23</subfield>
    <subfield code="p">R19657</subfield>
    <subfield code="r">2026-04-10 16:09:53</subfield>
    <subfield code="w">2026-04-10</subfield>
    <subfield code="y">RN</subfield>
  </datafield>
  <datafield tag="952" ind1=" " ind2=" ">
    <subfield code="0">0</subfield>
    <subfield code="1">0</subfield>
    <subfield code="4">0</subfield>
    <subfield code="7">0</subfield>
    <subfield code="a">BCEJYS</subfield>
    <subfield code="b">BCEJYS</subfield>
    <subfield code="c">17</subfield>
    <subfield code="d">1944-10-01</subfield>
    <subfield code="h">N&#xBA; 22 - oct. 1944</subfield>
    <subfield code="l">0</subfield>
    <subfield code="o">H339.9 BOL 22</subfield>
    <subfield code="p">R19656</subfield>
    <subfield code="r">2026-04-10 16:09:53</subfield>
    <subfield code="w">2026-04-10</subfield>
    <subfield code="y">RN</subfield>
  </datafield>
  <datafield tag="952" ind1=" " ind2=" ">
    <subfield code="0">0</subfield>
    <subfield code="1">0</subfield>
    <subfield code="4">0</subfield>
    <subfield code="7">0</subfield>
    <subfield code="a">BCEJYS</subfield>
    <subfield code="b">BCEJYS</subfield>
    <subfield code="c">17</subfield>
    <subfield code="d">1944-09-01</subfield>
    <subfield code="h">N&#xBA; 21 - sep. 1944</subfield>
    <subfield code="l">0</subfield>
    <subfield code="o">H339.9 BOL 21</subfield>
    <subfield code="p">R19631</subfield>
    <subfield code="r">2026-04-10 16:09:53</subfield>
    <subfield code="w">2026-04-10</subfield>
    <subfield code="y">RN</subfield>
  </datafield>
  <datafield tag="952" ind1=" " ind2=" ">
    <subfield code="0">0</subfield>
    <subfield code="1">0</subfield>
    <subfield code="4">0</subfield>
    <subfield code="7">0</subfield>
    <subfield code="a">BCEJYS</subfield>
    <subfield code="b">BCEJYS</subfield>
    <subfield code="c">17</subfield>
    <subfield code="d">1944-03-01</subfield>
    <subfield code="h">N&#xBA; 15 - mar. 1944</subfield>
    <subfield code="l">0</subfield>
    <subfield code="o">H339.9 BOL 15</subfield>
    <subfield code="p">R19655</subfield>
    <subfield code="r">2026-04-10 16:09:53</subfield>
    <subfield code="w">2026-04-10</subfield>
    <subfield code="y">RN</subfield>
  </datafield>
  <datafield tag="952" ind1=" " ind2=" ">
    <subfield code="0">0</subfield>
    <subfield code="1">0</subfield>
    <subfield code="4">0</subfield>
    <subfield code="7">0</subfield>
    <subfield code="a">BCEJYS</subfield>
    <subfield code="b">BCEJYS</subfield>
    <subfield code="c">17</subfield>
    <subfield code="d">1944-02-01</subfield>
    <subfield code="h">N&#xBA; 14 - feb. 1944</subfield>
    <subfield code="l">0</subfield>
    <subfield code="o">H339.9 BOL 14</subfield>
    <subfield code="p">R19654</subfield>
    <subfield code="r">2026-04-10 16:09:53</subfield>
    <subfield code="w">2026-04-10</subfield>
    <subfield code="y">RN</subfield>
  </datafield>
  <datafield tag="952" ind1=" " ind2=" ">
    <subfield code="0">0</subfield>
    <subfield code="1">0</subfield>
    <subfield code="4">0</subfield>
    <subfield code="7">0</subfield>
    <subfield code="a">BCEJYS</subfield>
    <subfield code="b">BCEJYS</subfield>
    <subfield code="c">17</subfield>
    <subfield code="d">1943-06-01</subfield>
    <subfield code="h">N&#xBA; 6 - jun. 1943</subfield>
    <subfield code="l">0</subfield>
    <subfield code="o">H339.9 BOL 6</subfield>
    <subfield code="p">R19653</subfield>
    <subfield code="r">2026-04-10 16:09:53</subfield>
    <subfield code="w">2026-04-10</subfield>
    <subfield code="y">RN</subfield>
  </datafield>
</record>
